Jak postavit váš podnikový risk management?
Zvažovanie rizík ako nevyhnutnosť pri budovaní efektívneho systému manažmentu kvality. Finančný risk management. Strategický, operačný a programový risk management. Finančné a projektové riziká.
Enregistré dans:
| Auteur principal: | |
|---|---|
| Format: | Chapitre de livre |
| Langue: | tchèque |
| Sujets: | |
| Tags: |
Pas de tags, Soyez le premier à ajouter un tag!
|
MARC
| LEADER | 00000naa a2200000 4500 | ||
|---|---|---|---|
| 001 | 0220670 | ||
| 005 | 20231012073005.0 | ||
| 041 | 0 | |a cze | |
| 044 | |a SK | ||
| 245 | 1 | 0 | |a Jak postavit váš podnikový risk management? |c Vladimír Volko |
| 520 | |a Zvažovanie rizík ako nevyhnutnosť pri budovaní efektívneho systému manažmentu kvality. Finančný risk management. Strategický, operačný a programový risk management. Finančné a projektové riziká. | ||
| 610 | 2 | 0 | |a systémy informačné manažérske |
| 610 | 2 | 0 | |a riadenie rizík |
| 610 | 2 | 0 | |a risk management |
| 610 | 2 | 0 | |a riziko finančné |
| 610 | 2 | 0 | |a rozhodovanie strategické |
| 610 | 2 | 0 | |a rozhodovanie za rizika |
| 100 | 1 | |a Volko, Vladimír | |